| 000 | 00972cam a22002175a 4500 | ||
|---|---|---|---|
| 001 | 748830 | ||
| 005 | 20180123155442.0 | ||
| 008 | 730508t1956 ilua frb 100 0 eng d | ||
| 040 |
_aDLC _cDLC _dDLC _dEG-ScBUE _beng |
||
| 082 | 0 | 4 |
_a304.2 _222 _bMAN |
| 111 | 2 |
_aInternational Symposium on Man's Role in Changing the Face of the Earth, _cPrinceton, N.J., _d1955. |
|
| 245 | 1 | 0 |
_aMan's role in changing the face of the earth / _cEdited by William L. Thomas, with the collaboration of Carl O. Sauer, Marston Bates [and] Lewis Mumford. |
| 260 |
_aChicago : _bWenner-Gren Foundation for Anthropological Research and the National Science Foundation by the University of Chicago Press, _cc.1956. |
||
| 300 |
_axxxviii, 1193 p. : _bill. ; _c25 cm. |
||
| 504 | _aIncludes bibliographical references and index. | ||
| 650 | 7 |
_aHuman geography _xCongresses. _2BUEsh |
|
| 651 | _2BUEsh | ||
| 653 |
_bGGEN _cJanuary2018 |
||
| 700 | 1 |
_aThomas, William Leroy, _d1920- _eeditor. |
|
| 942 | _2ddc | ||
| 999 |
_c26005 _d25977 |
||